Young Mi$fit Tracklist ($ir Cartier) - Statistics

General Stats
  • This quiz has been taken 12 times
  • The average score is 7 of 9
Answer Stats
Hint Answer % Correct
9 Paper Cha$in'
100%
7 Van Go
100%
4 Blue Crystal$
88%
8 $kit
88%
3 Skit
88%
1 36 Villainz
75%
2 ZOMBIE$
75%
6 Club Pink
50%
5 $teze
50%
No matching quizzes found
Score Distribution
Percent of People with Each Score
Percentile by Number Answered
Your Score History
You have not taken this quiz